000 00697nam a22002297a 4500
005 20170124105937.0
010 _aA-086857
020 _c40.00
035 _aA-086857
037 _bCen Lib/Ret
040 _aDPL
_bEN
082 _a360.2
_bCHO
100 _aChowdhry, D. Paul
_910061
245 _aA handbook of social welfare /
_cby D. Paul Chowdhry
260 _aDelhi
_bAtma Ram & Sons
_c1981
270 _aAtma Ram & Sons Kashmere Gate
_bDelhi
_e110006
300 _axii,211p.
_c20cm(Hb)
500 _aIncludes bibliographical references and index.
650 _aPublic welfare -- India.
_910062
650 _aPublic welfare.
_910063
942 _2ddc
_cEN
_h360.2
_mCHO
999 _c124262
_d124262